Tout est dans le titre - Statistiques

Statistiques générales
  • Ce quiz a été pris 83 fois
  • Le résultat moyen est 31 sur 40
Statistiques - réponses
Hint Réponse % Correct
Fenêtre sur .......... Non
90%
Mary à..........prix Oui
90%
Beaucoup de bruit pour .......... Non
88%
..........s'est bien passé Oui
88%
On aura..........vu Oui
88%
.......... cherche son chat Non
87%
Le .......... de la rose Non
85%
La liste de .......... Non
83%
Le cinquième .......... Non
83%
..........pour plaire Oui
83%
.......... nu et .......... bronzé Oui
83%
Vendredi .......... est permis Oui
83%
On nous cache .......... on nous dit rien Oui
83%
Le .......... des agneaux Non
82%
Guerre et .......... Non
82%
.......... le monde est beau.......... le monde il est gentil Oui
82%
On a .......... essayé Oui
82%
........... feu tout flamme Oui
82%
A l'Ouest .......... de nouveau Non
81%
Le .......... de la peur Non
81%
..........le monde debout Oui
81%
.......... ce que vous avez toujours voulu savoir sur le sexe sans jamais oser le demander Oui
81%
.......... le bonheur du monde Oui
81%
La vie et .......... d'autre Non
79%
Bruce ..........-Puissant Oui
79%
.......... le monde veut prendre sa place Oui
79%
La vie est .......... Non
78%
Demain ..........commence Oui
77%
.......... le monde dit I love you Oui
77%
Le .......... bleu Non
76%
.......... soleil Non
76%
.......... que pour vos yeux Non
73%
12 hommes en .......... Non
73%
.......... froid Non
72%
Ensemble, c'est.......... Oui
72%
.......... mais pas ça Oui
69%
..........sur ma mère Oui
65%
..........pour la lumière Oui
62%
On ira ..........au paradis Non
56%
.......... sur Robert Non
37%
Aucun quiz correspondant
Distribution des résultats
% des personnes avec chaque résultat
Percentile par nombre de réponses
Votre historique - résultats
Vous n’avez pas pris ce quiz